| 000 | 00586nam a22001697a 4500 | ||
|---|---|---|---|
| 005 | 20251108173311.0 | ||
| 008 | 250721s2006 xx 000 0 ara d | ||
| 082 | 1 | 4 | _a633.3/ حسي |
| 100 | 1 | _aالحسيني، محمد | |
| 245 | 1 | 0 | _aالمرشد الزراعي في : زراعة و إنتاج الفول السوداني / |
| 264 | 1 |
_aالقاهرة : _bمكتبة ابن سينا للطبع والنشر والتوزيع، _c2006. |
|
| 300 | _a32ص. | ||
| 650 | 1 | 7 | _aالفول السوداني |
| 650 | 1 | 7 | _aزراعة الخضروات |
| 942 |
_2ddc _cBK |
||
| 999 |
_c100698 _d100698 |
||